Look at the animals ! / (Record no. 4482)
[ view plain ]
| 000 -LEADER | |
|---|---|
| fixed length control field | 00776nam a22002657a 4500 |
| 001 - CONTROL NUMBER | |
| control field | 4482 |
| 003 - CONTROL NUMBER IDENTIFIER | |
| control field | FISKH |
| 005 - DATE AND TIME OF LATEST TRANSACTION | |
| control field | 20240911165911.0 |
| 008 - FIXED-LENGTH DATA ELEMENTS--GENERAL INFORMATION | |
| fixed length control field | 240911b cb ||||| |||| 00| 0 eng d |
| 020 ## - INTERNATIONAL STANDARD BOOK NUMBER | |
| International Standard Book Number | 9780525475828 |
| 040 ## - CATALOGING SOURCE | |
| Original cataloging agency | FISKH |
| Language of cataloging | eng |
| Transcribing agency | FISKH |
| 050 ## - LIBRARY OF CONGRESS CALL NUMBER | |
| Classification number | PZ7.L6622 |
| 082 ## - DEWEY DECIMAL CLASSIFICATION NUMBER | |
| Edition number | 334 |
| 100 ## - MAIN ENTRY--PERSONAL NAME | |
| Personal name | Linenthal, Peter |
| 245 ## - TITLE STATEMENT | |
| Title | Look at the animals ! / |
| Statement of responsibility, etc. | by Peter Linenthal |
| 260 ## - PUBLICATION, DISTRIBUTION, ETC. | |
| Place of publication, distribution, etc. | New York : |
| Name of publisher, distributor, etc. | Dotton Childrens' Book ; |
| Date of publication, distribution, etc. | 2006. |
| 300 ## - PHYSICAL DESCRIPTION | |
| Extent | 14 unnumbered pages : |
| Other physical details | color illustrations ; |
| Dimensions | 17 cm . |
| 505 ## - FORMATTED CONTENTS NOTE | |
| Formatted contents note | B <br/> |
| 520 ## - SUMMARY, ETC. | |
| Summary, etc. | Simple text introduces the activities of various animals. |
| 521 8# - TARGET AUDIENCE NOTE | |
| Target audience note | 60 <br/> |
| Source | Lexile estimate <br/> |
| 521 8# - TARGET AUDIENCE NOTE | |
| Target audience note | B <br/> |
| Source | Raz-Plus <br/> |
| 650 ## - SUBJECT ADDED ENTRY--TOPICAL TERM | |
| Topical term or geographic name entry element | black and white |
| Form subdivision | board book |
| 942 ## - ADDED ENTRY ELEMENTS (KOHA) | |
| Source of classification or shelving scheme | Dewey Decimal Classification |
| Koha item type | Books |
| Suppress in OPAC | No |
| Withdrawn status | Lost status | Source of classification or shelving scheme | Damaged status | Not for loan | Collection | Home library | Current library | Shelving location | Date acquired | Total Checkouts | Full call number | Barcode | Date last seen | Date last checked out | Price effective from | Koha item type |
|---|---|---|---|---|---|---|---|---|---|---|---|---|---|---|---|---|
| Dewey Decimal Classification | Juvenile Fiction | Footprints International School Library Network Toul Kork Campus | Footprints International School Library Network Toul Tom Poung Campus | 09/11/2024 | 2 | LIN 334 PZ7.L6622 | FIS03700 | 10/02/2025 | 09/08/2025 | 09/11/2024 | Books |
